Deducibilidad de comprobantes digitales e impresos

Detalles Bibliográficos
Autor principal: Castro Valdez, Penľope
Formato: eBook
Lenguaje:español
Publicado: Mx̌ico D.F. : Ediciones Fiscales ISEF, 2012
Materias:
Acceso en línea:http://www.vlex.com/source/10963

MARC

LEADER 00000nam a22000007a 4500
005 20130404175654.0
007 cr|||| ||||
008 130404e2012 mx |||||s|||| 00||0 spa d
020 |a 978-368-726-694-5 
035 |a 10963 
040 |a vLex 
090 |c 4119  |d 4119 
100 1 0 |a Castro Valdez, Penľope 
245 1 0 |a Deducibilidad de comprobantes digitales e impresos  |c / Penľope Castro Valdez   |h [Recurso electrn̤ico] 
256 |a Servicio en ln̕ea 
260 |a Mx̌ico D.F. :  |b Ediciones Fiscales ISEF,   |c 2012 
300 |a 1 Recurso electrn̤ico 
506 |a Contenido solo disponible en los productos indicados  |d vLex Global  |d vLex Global (Academic Edition, excluding Law Schools)  |d vLex Global (U.S. Academic Edition, Law Schools)  |d vLex Global (U.S. Academic Edition, excluding Law Schools)  |d vLex Global (Academic Edition, Law Schools) 
650 0 4 |a E-Commerce  |z Mx̌ico 
650 0 4 |a Comercio internacional   |z Mx̌ico 
650 0 4 |a Derechos en la red 
650 0 4 |a Derecho de las nuevas tecnologa̕s  |z Mx̌ico 
740 |a vLex Libros (Servicio en ln̕ea) 
856 |a Acceso restringido  |u http://www.vlex.com/source/10963 
942 |c BOOK 
999 0 |a E-Commerce